000 01321nam a2200325 4500
003 EG-GICUC
005 20260121101705.0
008 260108s1991 ua ||||fr|||| 00| 0 ara d
017 _a1991-8993
040 _a EG-GICUC
_bara
_c EG-GICUC
_d EG-GICUC
_erda
041 _aara
082 0 4 _221
_a343.3913
_bح س . ت
092 0 4 _221
099 _aLaw1 10 343.3913 ح س . ت1991
100 0 _aحسين عبد السلام جابر
_eمؤلف.
245 1 2 _aالتقرير الطبي بإصابة المجني عليه و أثره في الإثبات في الدعويين الجنائية و المدنية /
_cتأليف حسين عبد السلام جابر.
264 1 _aالقاهرة :
_bمكتبة الإجراءات الجنائية،
_c1991.
264 3 _aالقاهرة :
_bالمطبعة العربية الحديثة،
_c1991.
300 _a239 صفحة ;
_c24 سم.
336 _2rda content
_atext
337 _2rda media
_aComputer
338 _2rda carrier
_aOnline Resource
504 _aيشتمل على ارجاعات ببليوجرافية.
650 1 _aالقانون الجنائى
650 1 _aنظم الإثبات الجنائي
650 1 _aالتقرير الطبي
856 4 0 _uhttps://fll.law.cu.edu.eg/fulltext/bks/B10-06015.pdf
905 _a43
942 _2ddc
_n0
_cBK
_e21
999 _c55626
_d55626